[Event "Hoogovens-B"]
[Site "Wijk aan Zee"]
[Date "1997.??.??"]
[Round "5"]
[White "Dao Thien Hai"]
[Black "Atalik, Suat"]
[Result "1/2-1/2"]
[WhiteElo "2555"]
[BlackElo "2555"]

1.d4 Nf6 2.c4 g6 3.Nc3 d5 4.cxd5 Nxd5 5.e4 Nxc3 6.bxc3 Bg7 7.Bb5+ c6 8.Ba4 O-O
9.Ne2 Be6 10.O-O Qa5 11.Bb3 Bxb3 12.Qxb3 Qa6 13.Re1 c5 14.Rb1 Nc6 15.Qxb7 Qxb7
16.Rxb7 cxd4 17.cxd4 Nxd4 18.Nxd4 Bxd4 19.Rxe7 Rac8 20.Rd7 Bb6 21.Bh6 Rfe8
22.Kf1 Rc2 23.Rd2 Rc4 24.Rde2 f6 25.Bd2 Rd8 26.f3 Kf7 27.Be3 Bxe3 28.Rxe3 Ra4
29.R3e2 g5 30.Rc1 Rd6 31.Kf2 Kg6 32.Rb2 Rda6 33.Rcc2 Ra3 34.Kg3 h6 35.Rb7 f5
36.exf5+ Kxf5 37.Rbb2 R3a4 38.Kf2 Kg6 39.Ke1 Rh4 40.h3 Rha4 41.Kf2 h5 42.Kg1 g4
43.hxg4 hxg4 44.fxg4 Rxg4 45.Rf2 Rga4 46.Rbc2 Ra3 47.Kf1 Re6 48.Rc4 Rea6
49.Rcc2 Re6 50.Rcd2 Rf6 51.Ke1 Rxf2 52.Rxf2 a5 53.Kd1 a4 54.Kc1 Rg3 55.Kb1 Kg7
56.Kc2 Kg6 57.Kb2 Kg7 58.Ka1 Kg6 59.Kb1 Kg7 60.Rf4 Rxg2 61.Rxa4 Kf7 62.Re4 Rg6
63.Kc2 Re6 64.Kd3 Rxe4 65.Kxe4 Ke6  1/2-1/2

[Event "RLPF-chA"]
[Site "Wittlich"]
[Date "1997.??.??"]
[Round "?"]
[White "Schumacher, Olaf"]
[Black "Hoegerl, Gerd"]
[Result "1-0"]
[WhiteElo "2315"]
[BlackElo "2260"]

1.d4 Nf6 2.c4 g6 3.Nc3 d5 4.cxd5 Nxd5 5.e4 Nxc3 6.bxc3 Bg7 7.Bb5+ c6 8.Ba4 b5
9.Bb3 b4 10.Be3 bxc3 11.Rc1 Nd7 12.Ne2 Ba6 13.f4 Qa5 14.Nxc3 c5 15.e5 cxd4
16.Qxd4 Nb6 17.Qc5 Qxc5 18.Bxc5 Rc8 19.Bxb6 axb6 20.Kf2 e6 21.Ne4 Rxc1 22.Rxc1 Kd7
23.Nd6 f6 24.Ba4+ b5 25.Bxb5+ Bxb5 26.Nxb5 Rc8 27.Rxc8 Kxc8 28.Nd6+ Kd7 29.Nc4 fxe5
30.Nxe5+ Kd6 31.Nd3 Kd5 32.Ke2 h6 33.h4 Bf6 34.g3 Ke4 35.a4 Bc3 36.Nf2+ Kf5
37.Kf3 h5 38.Ne4 Bb4 39.Nf2 Bc3 40.Nd1 Bd2 41.Ne3+ Kf6 42.Nc4 Bb4 43.a5 Kf5
44.a6 Bc5 45.Nd6+  1-0

[Event "RLPF-chA"]
[Site "Wittlich"]
[Date "1997.??.??"]
[Round "?"]
[White "Puth, Dieter"]
[Black "Hoegerl, Gerd"]
[Result "1-0"]
[WhiteElo "2300"]
[BlackElo "2260"]

1.d4 Nf6 2.c4 g6 3.Nc3 d5 4.cxd5 Nxd5 5.e4 Nxc3 6.bxc3 Bg7 7.Bc4 c5 8.Ne2 Nc6
9.Be3 O-O 10.O-O Bg4 11.f3 Na5 12.Bxf7+ Rxf7 13.fxg4 Rxf1+ 14.Kxf1 Qd6 15.Kg1 Qe6
16.Ng3 Qc4 17.Qd2 Qa6 18.Qe2 Nc4 19.Bf2 cxd4 20.cxd4 e5 21.Rc1 b5 22.d5 Qa3
23.Rc2 Bh6 24.Nf1 Rf8 25.h4 Bf4 26.g5 Rf7 27.Qe1 h6 28.g3 hxg5 29.gxf4 gxf4
30.Qc3 Qe7 31.Nd2 Ne3 32.Rc1 Kh7 33.Qc5 Qd7 34.Qc8 Qe7 35.Nf3 Kh6 36.Ng5 Rf8
37.Qc7 Re8 38.Qxe7 Rxe7 39.d6 Rd7 40.Rc7  1-0

[Event "Oberliga Wuert9697"]
[Site "Wuerttemberg"]
[Date "1997.??.??"]
[Round "?"]
[White "Gabriel, Robert"]
[Black "Muetz, Gunnar"]
[Result "1/2-1/2"]
[WhiteElo "2300"]
[BlackElo "2220"]

1.d4 Nf6 2.c4 g6 3.Nc3 d5 4.cxd5 Nxd5 5.e4 Nxc3 6.bxc3 Bg7 7.Bc4 c5 8.Ne2 Nc6
9.d5 Ne5 10.Bb5+ Bd7 11.Bxd7+ Qxd7 12.O-O O-O 13.a4 e6 14.Nf4 exd5 15.Nxd5 Kh8
16.f4 Nc6 17.f5 Rfe8 18.f6 Bf8 19.Rf4 Re5 20.Rh4 Rae8 21.Qf3 Na5 22.Be3 Nc4
23.Re1 Nxe3 24.Nxe3 Qd3 25.Ng4 Rd5 26.Rh3 Qxf3 27.Rxf3 Rd2 28.Rf2 Red8  1/2-1/2

[Event "Zillertal op"]
[Site "Zillertal"]
[Date "1997.??.??"]
[Round "2"]
[White "Kleissl, Helmut"]
[Black "Kroell, Stefan"]
[Result "1-0"]
[WhiteElo "2275"]
[BlackElo "1860"]

1.c4 Nf6 2.Nc3 g6 3.d4 d5 4.cxd5 Nxd5 5.e4 Nxc3 6.bxc3 Bg7 7.Nf3 c5 8.Rb1 Qa5
9.Bb5+ Bd7 10.Bxd7+ Nxd7 11.Rxb7 cxd4 12.O-O Nc5 13.Rb4 dxc3 14.Qd5 O-O 15.Rc4 Rac8
16.Be3 e6 17.Rxc5 Qb4 18.Rb5 Qa4 19.Qb7 a6 20.Rc5 Rb8 21.Qc7 Qxe4 22.Rxc3 Bxc3
23.Qxc3 Rfc8 24.Qa1  1-0

[Event "Weihnachts op-M 21th"]
[Site "Zuerich"]
[Date "1997.??.??"]
[Round "?"]
[White "Potterat, Marc"]
[Black "Glauser, Hansruedi"]
[Result "1/2-1/2"]
[WhiteElo "2150"]
[BlackElo "2290"]

1.d4 Nf6 2.c4 g6 3.Nc3 d5 4.cxd5 Nxd5 5.e4 Nxc3 6.bxc3 Bg7 7.Nf3 c5 8.Rb1 Bg4
9.Rxb7 O-O 10.Be2 Nc6 11.d5 Bxc3+ 12.Bd2 Bxd2+ 13.Qxd2 Bxf3 14.Bxf3 Nd4 15.O-O Qd6
16.Qg5 Nxf3+ 17.gxf3 Rfe8 18.Rc1 Rac8 19.Rxa7 c4 20.Rc3 Rc5 21.Kg2 f5 22.e5 Qxd5
23.Rxe7 Rxe7 24.Qxe7 Qxe5 25.Qd8+ Kg7 26.Re3 Rd5 27.Qg5 Qd6 28.Re7+ Kg8 29.Qh4 h5
30.Qxc4 Qxe7 31.Qxd5+ Kh7 32.f4 Qb4 33.Qf3 Qa4 34.a3 Qc4 35.Qe3 Qa4 36.Kg3 Qd1
37.f3 Kh6 38.Kh4 Qd8+ 39.Kg3 Qd1 40.Qf2 Qa4 41.Qb2 h4+ 42.Kh3 Qxf4 43.Qh8+ Kg5
44.Qd8+ Kh5 45.Qh8+ Kg5 46.Qd8+ Kh5 47.Qh8+ Kg5  1/2-1/2

[Event "Ubeda op"]
[Site "Ubeda"]
[Date "1998.01.23"]
[Round "4"]
[White "Vera, Reynaldo"]
[Black "Ledger, Andrew"]
[Result "1/2-1/2"]
[WhiteElo "2535"]
[BlackElo "2460"]

1.d4 Nf6 2.c4 g6 3.Nc3 d5 4.cxd5 Nxd5 5.e4 Nxc3 6.bxc3 Bg7 7.Nf3 O-O 8.Be2 c5
9.O-O Nc6 10.Be3 Qa5 11.d5 Ne5 12.Nd2 Nd7 13.Nb3 Qxc3 14.Rc1 Qe5 15.Nxc5 Nxc5
16.Bxc5 Rd8 17.Qd2 Qxe4 18.Bf3 Qh4 19.Rfe1 e5 20.d6 Bh6 21.Be3 Bxe3 22.Qxe3 Rxd6
23.Qxe5 Re6 24.Qc7 Rxe1+ 25.Rxe1 Be6 26.Qxb7 Rd8 27.Qxa7 Qb4 28.Rf1 Bc4 29.a3 Qd2
30.Rb1 Be2 31.Bxe2 Qxe2 32.h3 h5 33.Qc7 Rd1+ 34.Rxd1 Qxd1+ 35.Kh2 Qd4 36.f4 h4
37.Qb8+ Kh7 38.Qb4 Qe3 39.a4 g5 40.Qb1+ Kh6 41.fxg5+ Kxg5 42.Qb8 Qc3 43.Qd8+ Kh5
44.Qd5+ Kh6 45.Qd6+ Kg7 46.Qf4 Qe1 47.Qg5+ Kf8 48.a5 Qb4 49.Qe5 Qa4 50.Qd6+ Kg7
51.a6 Qa1 52.Qb6 Qe5+ 53.Kh1 Qa1+ 54.Kh2 Qe5+ 55.Kg1 Qe1+  1/2-1/2

[Event "RUS-Cup02"]
[Site "Moscow"]
[Date "1998.01.25"]
[Round "5"]
[White "Shariyazdanov, Andrey"]
[Black "Dvoirys, Semen I"]
[Result "1/2-1/2"]
[WhiteElo "2495"]
[BlackElo "2585"]

1.d4 Nf6 2.c4 g6 3.Nc3 d5 4.cxd5 Nxd5 5.e4 Nxc3 6.bxc3 Bg7 7.Bb5+ c6 8.Ba4 O-O
9.Ne2 c5 10.O-O Nc6 11.Be3 Na5 12.dxc5 Qc7 13.Nf4 e6 14.Nd3 b6 15.Bb5 Bb7
16.f3 Rfd8 17.Qc2 Bc6 18.Bxc6 Qxc6 19.Rfd1 bxc5 20.Nxc5 Nc4 21.Bf2 Rdb8 22.Rab1 Rb6
23.Qa4 Qxa4 24.Nxa4 Ra6 25.Rb4 Ne5 26.f4 Bf8 27.Rbd4 Ng4 28.Bh4 e5 29.fxe5 Nxe5
30.Bg3 Re8 31.Kf1 Nc6 32.Rc4 Ne5 33.Rcd4 Nc6 34.Rc4 Ne5  1/2-1/2

[Event "DEN-chT 9798"]
[Site "Denmark"]
[Date "1998.02.01"]
[Round "5"]
[White "Holm Petersen, Sejer"]
[Black "Borge, Nikolaj"]
[Result "0-1"]
[WhiteElo "2345"]
[BlackElo "2405"]

1.d4 Nf6 2.c4 g6 3.Nc3 d5 4.cxd5 Nxd5 5.e4 Nxc3 6.bxc3 Bg7 7.Qa4+ Nd7 8.Be3 O-O
9.Rd1 c5 10.Nf3 Qc7 11.Bd3 cxd4 12.cxd4 Qc3+ 13.Ke2 Nb6 14.Qb3 Qxb3 15.axb3 Bg4
16.d5 e6 17.dxe6 Bxe6 18.Rb1 Rfd8 19.Rhc1 Rac8 20.Rxc8 Nxc8 21.Ng5 Bd7 22.Bc4 Nd6
23.f3 h6 24.Rd1 Nxc4 25.bxc4 hxg5 26.Bxg5 f6 27.Bf4 Kf7 28.Bc7 Ke8 29.Bxd8 Kxd8
30.g4 g5 31.h4 gxh4 32.Rh1 Bh6 33.Rxh4 Bf4 34.Rh7 Ke8 35.Kd3 a5 36.Kd4 Be5+
37.Kd5 a4 38.g5 a3 39.Rh8+ Kf7 40.Ra8 Bb2 41.gxf6 Kxf6 42.Kc5 Ke5 43.Kb4 Be6
44.Rxa3 Bxa3+ 45.Kxa3 Bxc4  0-1

[Event "FRA-chT"]
[Site "FRA"]
[Date "1998.02.08"]
[Round "3"]
[White "Simon, Gerard"]
[Black "Sarthou, Gaetan"]
[Result "0-1"]
[WhiteElo "2165"]
[BlackElo "2305"]

1.d4 Nf6 2.c4 g6 3.Nc3 d5 4.cxd5 Nxd5 5.e4 Nxc3 6.bxc3 Bg7 7.Bc4 O-O 8.Ne2 c5
9.O-O Nc6 10.Be3 Bg4 11.f3 Na5 12.Bd3 cxd4 13.cxd4 Be6 14.Qa4 a6 15.Rac1 b5
16.Qb4 Bxa2 17.Bg5 Re8 18.Rfd1 Bb3 19.Rd2 Bc4 20.Bxc4 Nxc4 21.Rdd1 Qd6 22.Qxd6 exd6
23.d5 Bb2 24.Rc2 a5 25.Rb1 Bg7 26.Bc1 Rab8 27.Kf2 Rec8 28.Ke1 b4 29.Bf4 Ne5
30.Rxc8+ Rxc8 31.Kd1 Nc4 32.Nc1 Kf8 33.Nd3 Bc3 34.Ke2 Ke7 35.g4 Kd7 36.Nc1 Na3  0-1

[Event "Debrecen"]
[Site "Debrecen"]
[Date "1998.03.03"]
[Round "15"]
[White "Kosa, P."]
[Black "Egri, Laszlo"]
[Result "1/2-1/2"]
[WhiteElo "2160"]
[BlackElo "2150"]

1.d4 Nf6 2.c4 g6 3.Nc3 d5 4.cxd5 Nxd5 5.e4 Nxc3 6.bxc3 Bg7 7.Nf3 O-O 8.Be2 b6
9.h4 c5 10.h5 Ba6 11.hxg6 hxg6 12.Bh6 Bxh6 13.Rxh6 Kg7 14.Qd2 Rh8 15.Ne5 Qe8
16.Rxh8 Qxh8 17.Bxa6 Nxa6 18.O-O-O f6 19.Ng4 Qh5 20.f3 cxd4 21.Qxd4 Qc5  1/2-1/2

[Event "POL-ch"]
[Site "Ksiaz"]
[Date "1998.03.12"]
[Round "1"]
[White "Sapis, Witalis"]
[Black "Macieja, Bartlomiej"]
[Result "1/2-1/2"]
[WhiteElo "2375"]
[BlackElo "2485"]

1.d4 g6 2.c4 Nf6 3.Nc3 d5 4.cxd5 Nxd5 5.e4 Nxc3 6.bxc3 Bg7 7.Nf3 c5 8.Rb1 O-O
9.Be2 Nd7 10.O-O Nf6 11.Bd3 b6 12.h3 Qc7 13.d5 Nh5 14.Qd2 e5 15.Re1 Qd6 16.Qe2 Bd7  1/2-1/2

[Event "POL-ch"]
[Site "Ksiaz"]
[Date "1998.03.12"]
[Round "1"]
[White "Sosnicki, Michal"]
[Black "Palus, Ryszard"]
[Result "1-0"]
[WhiteElo "2385"]
[BlackElo "2385"]

1.d4 Nf6 2.c4 g6 3.Nc3 d5 4.cxd5 Nxd5 5.e4 Nxc3 6.bxc3 Bg7 7.Be3 c5 8.Qd2 Qa5
9.Rb1 b6 10.Bb5+ Bd7 11.Be2 O-O 12.Rc1 Rc8 13.d5 e5 14.h4 Qa4 15.f3 f6 16.h5 Kf7
17.g4 Na6 18.Nh3 c4 19.g5 f5 20.f4 Nc5 21.Bxc5 Rxc5 22.fxe5 Bxe5 23.Nf4 fxe4
24.hxg6+ hxg6 25.Ne6 Bxe6 26.dxe6+ Kg7 27.O-O Qc6 28.Bg4 Qd6 29.Rf7+ Kg8
30.Qg2 Qd3 31.Rcf1 Qe3+ 32.Kh1 Re8 33.e7 Bg7 34.Be6 Rxg5 35.R7f3+ Kh7 36.Rxe3 Rxg2
37.Kxg2 Rxe7 38.Rh1+  1-0

[Event "New York op"]
[Site "New York"]
[Date "1998.03.16"]
[Round "1"]
[White "Chernin, Alexander"]
[Black "Mueller, Werner"]
[Result "1-0"]
[WhiteElo "2645"]
[BlackElo "2305"]

1.d4 Nf6 2.c4 g6 3.Nc3 d5 4.cxd5 Nxd5 5.e4 Nxc3 6.bxc3 Bg7 7.Nf3 c5 8.Rb1 O-O
9.Be2 Nc6 10.d5 Ne5 11.Nxe5 Bxe5 12.Qd2 b6 13.f4 Bg7 14.O-O e6 15.Bc4 e5
16.f5 gxf5 17.exf5 Qf6 18.Qf2 e4 19.Bb5 Bb7 20.c4 Rfd8 21.Qg3 h6 22.Rb3 a6
23.Ba4 b5 24.Bb2 Qg5 25.h4 Qxg3 26.Rxg3 f6 27.Bxf6 Rd7 28.Bc3 Kh7 29.f6 Bf8
30.Bc2 Re8 31.f7 Ree7 32.Rg8 Rxf7 33.Rxf8 Rxf8 34.Rxf8  1-0

[Event "New York op"]
[Site "New York"]
[Date "1998.03.18"]
[Round "5"]
[White "Vaisser, Anatoli"]
[Black "David, Alberto"]
[Result "1-0"]
[WhiteElo "2590"]
[BlackElo "2525"]

1.d4 Nf6 2.c4 g6 3.Nc3 d5 4.cxd5 Nxd5 5.e4 Nxc3 6.bxc3 Bg7 7.Bc4 c5 8.Ne2 O-O
9.O-O Nc6 10.Be3 Qc7 11.Rc1 Rd8 12.Qd2 Qa5 13.Rfd1 Bg4 14.f3 Ne5 15.Bd5 Rxd5
16.exd5 Nc4 17.Qd3 Nb2 18.Qb1 Nxd1 19.Rxd1 Qa6 20.fxg4 Qxe2 21.Re1 Qc4 22.Qxb7 Rf8
23.dxc5 Bxc3 24.Rf1 Bd4 25.Qxe7 Qe2 26.Qxf8+ Kxf8 27.Bxd4 Qc4 28.Be3 Qxd5
29.Rc1 Qc6 30.g5 Ke8 31.Rd1 Qe4 32.Bf2 Qc2 33.Re1+ Kd7 34.a3 Kc6 35.h4 Qb3
36.Re3 Qc2 37.Rf3 Qc4 38.Rf6+ Kc7 39.Bg3+ Kc8 40.c6 Qc1+ 41.Kh2 Qc4 42.c7  1-0

[Event "Amber-blind 7th"]
[Site "Monte Carlo"]
[Date "1998.03.21"]
[Round "8"]
[White "Piket, Jeroen"]
[Black "Anand, Viswanathan"]
[Result "1-0"]
[WhiteElo "2575"]
[BlackElo "2770"]

1.d4 Nf6 2.c4 g6 3.Nc3 d5 4.cxd5 Nxd5 5.e4 Nxc3 6.bxc3 Bg7 7.Bc4 c5 8.Ne2 Nc6
9.Be3 O-O 10.O-O Bg4 11.f3 Bd7 12.Rc1 Rc8 13.Qd2 Qa5 14.d5 Ne5 15.Bb3 Qa6
16.f4 Nc4 17.Qd3 Nxe3 18.Qxe3 c4 19.Bc2 Qxa2 20.e5 Qa5 21.Ra1 Qxd5 22.Be4 Qc5
23.Qxc5 Rxc5 24.Rxa7 Bc8 25.Rb1 g5 26.g3 gxf4 27.gxf4 f6 28.exf6 Bxf6 29.Kf2 b5
30.Ke3 Kh8 31.Ra8 Bg7 32.Ra7 Bf6 33.Ra8 Rg8 34.Rd1 Rh5 35.Bd5 Be6 36.Rxg8+ Bxg8
37.Bxg8 Kxg8 38.Rd8+ Kf7 39.Rb8 Rh3+ 40.Ng3 Rxh2 41.Ne4 Rh5 42.Rb7 Rd5 43.f5 Bxc3
44.Nxc3 Rd3+ 45.Ke4 Rxc3 46.Rxb5 Rc1 47.Rb6 Rh1 48.Rc6 Rh4+ 49.Ke5 h6 50.Rc8 Rg4
51.Rh8 c3 52.Rc8 Rg3 53.Rc7 h5 54.f6 Rg5+ 55.Kf4 Kxf6 56.Rxc3 e5+ 57.Kf3 Kf5
58.Rc8 e4+ 59.Kf2 Rg3 60.Kxg3  1-0

[Event "CZE-chT 9798"]
[Site "CZE"]
[Date "1998.04.05"]
[Round "11"]
[White "Mista, Ladislav"]
[Black "Pribyl, Josef"]
[Result "1/2-1/2"]
[WhiteElo "2280"]
[BlackElo "2425"]

1.d4 Nf6 2.c4 g6 3.Nc3 d5 4.cxd5 Nxd5 5.e4 Nxc3 6.bxc3 Bg7 7.Bc4 O-O 8.Ne2 b6
9.O-O Bb7 10.f3 c5 11.Be3 cxd4 12.cxd4 Nc6 13.Rc1 e6 14.d5 exd5 15.Bxd5 Na5
16.Bxb7 Nxb7 17.Qxd8 Rfxd8 18.Nf4 Bd4 19.Kf2 Nc5 20.Rfd1 Bxe3+ 21.Kxe3 Rxd1
22.Rxd1 Re8 23.Rd5 h5 24.Nd3 Nxd3 25.Kxd3 Re7 26.f4 Rc7 27.f5 Kg7 28.fxg6 Kxg6
29.h4 f6 30.e5 fxe5 31.Rxe5 Rc5 32.Re4 Kf5 33.Rb4 Rc7 34.a4 Rg7 35.a5 bxa5
36.Ra4 Re7 37.Rxa5+ Kg4 38.g3 Kxg3 39.Rxh5 Kg4 40.Rh8 a5 41.Ra8 Re5 42.Kc4 Kxh4
43.Kb3  1/2-1/2

[Event "Dreifluesse op"]
[Site "Passau"]
[Date "1998.04.10"]
[Round "2"]
[White "Franz, Gerhard"]
[Black "Enders, Peter"]
[Result "0-1"]
[WhiteElo "2170"]
[BlackElo "2525"]

1.d4 Nf6 2.c4 g6 3.Nc3 d5 4.cxd5 Nxd5 5.e4 Nxc3 6.bxc3 Bg7 7.Bc4 c5 8.Ne2 O-O
9.O-O Nc6 10.Be3 cxd4 11.cxd4 Bd7 12.Qd2 Rc8 13.Rac1 Qa5 14.Qxa5 Nxa5 15.Bd3 b5
16.Nc3 Nc4 17.Bxc4 Rxc4 18.Nd5 e6 19.Rxc4 bxc4 20.Nc3 f5 21.f3 Rb8 22.Rb1 Rb6
23.Kf1 Kf7 24.Ke2 Bc6 25.e5 Bf8 26.Kd2 Be7 27.Rxb6 axb6 28.a4 g5 29.Nb5 f4
30.Bf2 Bb4+ 31.Kd1 g4 32.fxg4 Kg6 33.g3 fxg3 34.hxg3 Kg5 35.d5 exd5 36.Bxb6 Bd7
37.Kc1 Kxg4 38.Nc7 Bc6 39.a5 Kf3 40.a6 Ke2 41.Ne6 Kd3 42.Nc5+ Kc3 43.Ne6 Kd3
44.Nc5+ Kd4 45.Nd7+ Kc3 46.e6 d4 47.Bc5 Bxc5 48.Nxc5 d3  0-1

[Event "Dreifluesse op"]
[Site "Passau"]
[Date "1998.04.10"]
[Round "2"]
[White "Lorke, Christian"]
[Black "Tietzen, Stefan"]
[Result "1/2-1/2"]
[WhiteElo "1680"]
[BlackElo "1926"]

1.d4 Nf6 2.c4 g6 3.Nc3 d5 4.cxd5 Nxd5 5.e4 Nxc3 6.bxc3 Bg7 7.Nf3 O-O 8.Be2 c5
9.O-O Nc6 10.Be3 Qa5 11.Qb3 b6 12.Rac1 Bb7 13.dxc5  1/2-1/2

[Event "Dreifluesse op"]
[Site "Passau"]
[Date "1998.04.11"]
[Round "3"]
[White "Loderbauer, Gerhard"]
[Black "Donegani, Hans Peter"]
[Result "0-1"]
[WhiteElo "1825"]
[BlackElo "2100"]

1.d4 Nf6 2.c4 g6 3.Nc3 d5 4.cxd5 Nxd5 5.e4 Nxc3 6.bxc3 Bg7 7.Bc4 O-O 8.Ne2 c5
9.Be3 Nc6 10.Rc1 cxd4 11.cxd4 Qa5+ 12.Kf1 Bd7 13.h4 Rfc8 14.h5 e5 15.hxg6 hxg6
16.d5 Nd4 17.Nxd4 exd4 18.Bxd4 Rxc4 19.Bxg7 Rxc1 20.Qxc1 Bb5+ 21.Kg1 Kxg7
22.Qh6+ Kf6 23.Qf4+ Ke7 24.d6+ Ke6 25.Rh3 Qxa2 26.e5 Qb1+ 27.Kh2 Qf5 28.Qd2 Qxe5+
29.Kg1 Qxd6 30.Re3+ Kd7 31.Qb2 Bc6 32.Qc3 Re8 33.Rh3 Re5 34.Qc1 Rd5  0-1

[Event "Dreifluesse op"]
[Site "Passau"]
[Date "1998.04.11"]
[Round "4"]
[White "Kiefel, Alfred"]
[Black "Loderbauer, Gerhard"]
[Result "1/2-1/2"]
[WhiteElo "1729"]
[BlackElo "1825"]

1.d4 Nf6 2.c4 g6 3.Nc3 d5 4.cxd5 Nxd5 5.e4 Nxc3 6.bxc3 Bg7 7.Bc4 O-O 8.Be3 c5
9.Ne2 Nc6 10.O-O Bg4 11.f3 Na5 12.Bd3  1/2-1/2

[Event "St Petersburg-ch"]
[Site "St Petersburg"]
[Date "1998.04.11"]
[Round "5"]
[White "Biriukov, Oleg V"]
[Black "Khalifman, Alexander"]
[Result "0-1"]
[WhiteElo "2390"]
[BlackElo "2660"]

1.d4 Nf6 2.c4 g6 3.Nc3 d5 4.cxd5 Nxd5 5.e4 Nxc3 6.bxc3 Bg7 7.Nf3 c5 8.Bb5+ Nd7
9.O-O O-O 10.Bg5 a6 11.Bd3 b5 12.Qc1 Bb7 13.a4 b4 14.a5 cxd4 15.cxd4 Ne5
16.Nxe5 Qxd4 17.Bxe7 Bxe5 18.Qc5 Qxc5 19.Bxc5 Bxa1 20.Bxf8 Bc3 21.Bd6 Re8
22.e5 b3 23.Rb1 Bxe5 24.Bxe5 Rxe5 25.f3 Rxa5 26.Rxb3 Bd5 27.Rb8+ Kg7 28.Rd8 Be6
29.Ra8 Ra1+ 30.Kf2 a5 31.Bb5 Bb3 32.Ke3 a4 33.Kd4 a3 34.Bc4 Bxc4 35.Kxc4 Ra2
36.g4 Rxh2 37.Rxa3 Rd2 38.Kc3 Rd7 39.Ra5 h6 40.Kc4 Rd2 41.Ra6 Rd1 42.Rb6 h5  0-1

[Event "Dreifluesse op"]
[Site "Passau"]
[Date "1998.04.12"]
[Round "6"]
[White "Hackel, Ludek"]
[Black "Tietzen, Stefan"]
[Result "1/2-1/2"]
[WhiteElo "2195"]
[BlackElo "1926"]

1.d4 Nf6 2.c4 g6 3.Nc3 d5 4.cxd5 Nxd5 5.e4 Nxc3 6.bxc3 Bg7 7.Nf3 c5 8.Rb1 O-O
9.Be2 Nc6 10.d5 Ne5 11.Nxe5 Bxe5 12.Qd2 e6 13.f4 Bc7 14.dxe6 Bxe6 15.Qxd8 Rfxd8
16.O-O b6 17.a3 Bd7 18.f5 gxf5 19.exf5 Bc6 20.Bg5 Re8 21.Bf3 Bxf3 22.Rxf3 Be5
23.Rd1 f6 24.Bh6 Rad8 25.Rfd3 Rxd3 26.Rxd3 Kf7 27.Rd7+ Re7 28.Rxe7+ Kxe7
29.c4 Bd4+ 30.Kf1 Kd6 31.Ke2 Ke5 32.g4 Ke4 33.Bc1 Ba1 34.h3 Bd4 35.Bh6 Be5
36.Bc1 Ba1 37.Bh6  1/2-1/2

[Event "Budapest FS04 IM"]
[Site "Budapest"]
[Date "1998.04.15"]
[Round "12"]
[White "Kahn, Evarth"]
[Black "Senff, Martin"]
[Result "1/2-1/2"]
[WhiteElo "2330"]
[BlackElo "2430"]

1.d4 Nf6 2.c4 g6 3.Nc3 d5 4.cxd5 Nxd5 5.e4 Nxc3 6.bxc3 Bg7 7.Nf3 O-O 8.Be2 c5
9.Rb1 Nc6 10.d5 Ne5 11.Nxe5 Bxe5 12.Bd2 b6 13.O-O e6 14.f4 Bg7 15.Bc4 Rb8
16.Be3 exd5 17.Bxd5 Qe7 18.c4 Be6 19.Qf3 Rbe8 20.e5 f6 21.exf6 Qxf6 22.Rbe1 Kh8
23.Kh1 Bf5 24.Bf2 Qc3 25.Rxe8 Rxe8 26.Qxc3 Bxc3 27.Rc1 Bd2 28.Bh4 Kg7 29.Rf1 Re3
30.h3 h5 31.Bd8 Ra3 32.Bc7 Rxa2 33.Be5+ Kh6 34.Rf2 Rc2 35.g4 hxg4 36.hxg4 Bxg4
37.f5 gxf5 38.Rxd2 Rxd2 39.Bf4+ Kg6 40.Bxd2 a6 41.Kg2 b5  1/2-1/2

[Event "Zepter op"]
[Site "Minsk"]
[Date "1998.04.26"]
[Round "2"]
[White "Shariyazdanov, Andrey"]
[Black "Lukinov, Petr"]
[Result "1-0"]
[WhiteElo "2495"]
[BlackElo "2285"]

1.d4 Nf6 2.c4 g6 3.Nc3 d5 4.cxd5 Nxd5 5.e4 Nxc3 6.bxc3 Bg7 7.Bb5+ Bd7 8.Be2 c5
9.Nf3 Nc6 10.Rb1 O-O 11.d5 Bxc3+ 12.Bd2 Bxd2+ 13.Qxd2 Na5 14.h4 Bg4 15.h5 Bxf3
16.gxf3 e5 17.f4 Re8 18.hxg6 fxg6 19.d6 exf4 20.Qd5+ Kg7 21.Rxb7+ Nxb7 22.Qxb7+ Kf6
23.Rxh7 Rf8 24.Qg7+ Ke6 25.Bc4+ Kxd6  1-0

[Event "Torino op"]
[Site "Torino"]
[Date "1998.04.30"]
[Round "6"]
[White "Arlandi, Ennio"]
[Black "David, Alberto"]
[Result "1-0"]
[WhiteElo "2425"]
[BlackElo "2525"]

1.d4 Nf6 2.c4 g6 3.Nc3 d5 4.cxd5 Nxd5 5.e4 Nxc3 6.bxc3 Bg7 7.Bb5+ c6 8.Ba4 O-O
9.Ne2 c5 10.Be3 Qc7 11.O-O Nc6 12.Rc1 Rd8 13.d5 c4 14.Nd4 Ne5 15.Qd2 e6 16.dxe6 Bxe6
17.Bg5 Ng4 18.g3 Qa5 19.Bxd8 Rxd8 20.Qe2 Bxd4 21.cxd4 Rxd4 22.Rfd1 Rxd1+
23.Bxd1 Ne5 24.a4 Nd3 25.Rb1 Bg4 26.f3 Bh3 27.Qe3 Qc3 28.Be2 Qc2 29.Rxb7 Qa2
30.Qd4  1-0

[Event "Breda m playoff"]
[Site "Breda"]
[Date "1998.05.19"]
[Round "1"]
[White "Van Wely, Loek"]
[Black "Timman, Jan H"]
[Result "1-0"]
[WhiteElo "2605"]
[BlackElo "2635"]

1.d4 Nf6 2.c4 d5 3.Nc3 g6 4.cxd5 Nxd5 5.e4 Nxc3 6.bxc3 Bg7 7.Nf3 c5 8.Rb1 O-O
9.Be2 Nc6 10.d5 Ne5 11.Nxe5 Bxe5 12.Qd2 e6 13.f4 Bc7 14.O-O exd5 15.exd5 Bf5
16.Rxb7 Bb6 17.d6 Qf6 18.Rd1 Rae8 19.Bb5 c4+ 20.Kh1 Re3 21.Bxc4 Bg4 22.Re1 Qxf4
23.Rxb6 Rxe1+ 24.Qxe1 Qxc4 25.Rb4 Qe6 26.Qxe6 Bxe6 27.c4 Rc8 28.Be3 Kf8 29.Rb7 a5
30.Bg5 Rxc4 31.d7 Bxd7 32.Rxd7 Rc2 33.a3 Kg7 34.h3 Rc3 35.Be7 a4 36.Ra7 Rc4
37.Bb4  1-0

[Event "Warsaw-ch"]
[Site "Warsaw"]
[Date "1998.05.25"]
[Round "3"]
[White "Czerniakow, Wieslaw"]
[Black "Kosiorek, Marek"]
[Result "0-1"]
[WhiteElo "2205"]
[BlackElo "2360"]

1.d4 Nf6 2.c4 g6 3.Nc3 d5 4.cxd5 Nxd5 5.e4 Nxc3 6.bxc3 Bg7 7.Be3 c5 8.Bc4 Nc6
9.Ne2 O-O 10.O-O Bg4 11.f3 Na5 12.Bd3 cxd4 13.cxd4 Be6 14.d5 Bxa1 15.Qxa1 f6
16.Qd4 Bd7 17.Bh6 Re8 18.Rb1 e6 19.e5 f5 20.h4 b5 21.Bg5 Qb6 22.Qxb6 axb6
23.Bxb5 Bxb5 24.Rxb5 exd5 25.Rxd5 Nc4 26.Bf6 Rxa2 27.Nf4 Rd2 28.Rxd2 Nxd2
29.e6 h6 30.Kf2 Nb3 31.e7 Kf7 32.Nd5 Ke6 33.Nc7+ Kxf6 34.Nxe8+ Kxe7 35.Nc7 Kd6
36.Nb5+ Ke5 37.Ke3 f4+ 38.Kd3 Nc5+ 39.Kc4 Nb7 40.Kd3 Nd6 41.Nd4 Nf5 42.Nc6+ Kd6
43.Nb4 Nxh4 44.Ke4 Nxg2  0-1

[Event "Hamburg-chI"]
[Site "Hamburg"]
[Date "1998.05.31"]
[Round "3"]
[White "Lindinger, Markus"]
[Black "Wilhelmi, Christian"]
[Result "1/2-1/2"]
[WhiteElo "2245"]
[BlackElo "2445"]

1.d4 Nf6 2.c4 g6 3.Nc3 d5 4.cxd5 Nxd5 5.e4 Nxc3 6.bxc3 Bg7 7.Nf3 c5 8.Rb1 O-O
9.Be2 Nc6 10.d5 Ne5 11.Nxe5 Bxe5 12.Qd2 e6 13.f4 Bc7 14.O-O exd5 15.exd5 Ba5
16.Rb3 Qd6 17.Qd1 Bd7 18.Ra3 c4 19.Kh1 Qc5 20.Bxc4 Qxc4 21.Rxa5 Bg4 22.Qe1 b6
23.Ra3 Rfd8 24.Rg1 Rxd5 25.Qh4 Qe2 26.c4 Rd1 27.Re3 Rxg1+ 28.Kxg1 Qxc4 29.Re1 h5
30.Qf6 Qb4 31.Rf1 Qc5+ 32.Kh1 Qf5 33.Qd4 Kh7 34.Bb2 Rg8 35.Rc1 Be2 36.h3 Bb5
37.Rc7 Be8 38.Rxa7 g5 39.fxg5 Qxg5 40.Qe4+ Qg6 41.Qxg6+  1/2-1/2

[Event "Hamburg-chI"]
[Site "Hamburg"]
[Date "1998.06.06"]
[Round "9"]
[White "Hegeler, Frank"]
[Black "Wilhelmi, Christian"]
[Result "1/2-1/2"]
[WhiteElo "2330"]
[BlackElo "2445"]

1.d4 Nf6 2.c4 g6 3.Nc3 d5 4.cxd5 Nxd5 5.e4 Nxc3 6.bxc3 Bg7 7.Be3 c5 8.Qd2 Qa5
9.Rc1 cxd4 10.cxd4 Qxd2+ 11.Kxd2 O-O 12.Bb5 Nc6 13.Nf3 f5 14.exf5 Bxf5 15.Bxc6 bxc6
16.Rxc6 Rfb8 17.Kc3 Bb1 18.Rc7 a5 19.a4 Ba2 20.Rc1 Bf8 21.Kd3 Bb3 22.Bg5 Re8
23.Re1 Bxa4 24.Bxe7 Bb5+ 25.Kc3 Rac8 26.Rxc8 Rxc8+ 27.Kb3 Bh6 28.Re5 Rb8
29.Bd6 Rb7 30.Kc3 a4 31.Re7 Rxe7 32.Bxe7 Kf7 33.Ba3 Ke6 34.Ne5 Kd5 35.Ng4 Bg7
36.Bc5 Kc6 37.Ne3 Bh6 38.Nc2 Bf1 39.g3 Kb5 40.f4 Bg7 41.Ne3 Be2 42.Be7 Kc6
43.g4 Kd7 44.Ba3 Bf6 45.g5 Bd8 46.h4 Bf3 47.f5 gxf5 48.Nxf5  1/2-1/2

[Event "Russian Club Cup"]
[Site "Maikop"]
[Date "1998.06.07"]
[Round "5"]
[White "Sherbakov, Ruslan"]
[Black "Vorobiov, Evgeny E"]
[Result "1/2-1/2"]
[WhiteElo "2555"]
[BlackElo "2475"]

1.d4 Nf6 2.c4 g6 3.Nc3 d5 4.cxd5 Nxd5 5.e4 Nxc3 6.bxc3 Bg7 7.Be3 c5 8.Qd2 Qa5
9.Rb1 b6 10.Bb5+ Bd7 11.Be2 Bc6 12.Bd3 Nd7 13.Rc1 e6 14.Nf3 Nf6 15.Ne5 Bb5
16.c4 Qxd2+ 17.Kxd2 cxd4 18.cxb5 dxe3+ 19.Kxe3 Nh5 20.f4 Nxf4 21.Kxf4 g5+
22.Kxg5 Bxe5 23.Kg4 Ke7 24.Kf3 Rad8 25.Ke3 h5 26.g3 Rh6 27.Rc2 Rf6 28.Ke2 h4
29.gxh4 Rh8 30.Rf1 Rxh4 31.Rxf6 Kxf6 32.Kd1 Bxh2 33.Rc8 Rh3 34.Kc2 Be5 35.Kd2 Rh2+
36.Be2 Bf4+ 37.Kd3 Rh3+ 38.Kc2 Ra3 39.Bc4 Be5 40.Bb3 a5 41.Rc4 Kg5 42.Ra4 Rxa4
43.Bxa4 Kf4 44.Kd3  1/2-1/2

[Event "Stockholm"]
[Site "Stockholm"]
[Date "1998.06.07"]
[Round "2"]
[White "Hjelm, Niclas"]
[Black "Eriksson, Johan"]
[Result "1/2-1/2"]
[WhiteElo "2315"]
[BlackElo "2380"]

1.d4 Nf6 2.c4 g6 3.Nc3 d5 4.cxd5 Nxd5 5.e4 Nxc3 6.bxc3 Bg7 7.Be3 c5 8.Qd2 Qa5
9.Rc1 cxd4 10.cxd4 Qxd2+ 11.Kxd2 O-O 12.Nf3 Nc6 13.Bb5 f5 14.exf5 Bxf5 15.Bxc6 bxc6
16.Rxc6 Rfb8 17.Kc3 Rb5 18.a4 Rb7 19.Bf4 Be4 20.Rc5 Bxf3 21.gxf3 Rf8 22.Be3 Rxf3
23.Kd3  1/2-1/2